000
00490nam a2200145Ia 4500
008
100122s9999 xx 000 0 und d
082
_b
59355
_a
294.5921
100
_a
देशमुख श्रीकृष्ण
245
_a
प्रश्नोपनिषद
260
_b
महाराष्ट्र प्रकाशन गृह
_c
2000
300
_a
112
630
_a
प्रश्नोपनिषद
730
_a
प्रश्नोपनिषद
942
_c
BOOK
999
_c
434952
_d
434949